000 01098nam a2200313 i 4500
001 bg
100 1 _aOpiekun, Zenon.
245 1 0 _aAnaliza czynników technologicznych decydujących o strukturze i właściwościach odlewów ze stopów kobaltu przeznaczonych na elementy silników lotniczych /
_cZenon Opiekun.
260 _aPoznań :
_bWydawnictwo Politechniki Poznańskiej,
_c2007.
300 _a122 s. :
_bil. (w tym kolor.) ;
_c24 cm.
490 1 _aRozprawy / Politechnika Poznańska,
_x0551-6528 ;
_vnr 413
504 _aBibliogr. s. 111-120.
546 _aStreszcz. ang.
650 9 _aStopy (metalurg.)
_xmechanika
650 9 _aInżynieria powierzchni
650 9 _aOdlewnictwo
650 9 _aKobalt
_xbadanie
650 9 _aSilniki odrzutowe
830 0 _aRozprawy - Politechnika Poznańska
_x0551-6528
_vnr 413
020 _a9788371433220
022 _a05516528
040 _cBPK
041 0 _apol
_beng
044 _aPOL
080 _a669.24/.29.017:621.74:621.791/.795:621.45
920 _a978-83-7143-332-0
942 _cKS
008 s pl f |000 0 pol
999 _c54756
_d54756
856 _uhttp://koha.tu.koszalin.pl/cgi-bin/koha/opac-detail.pl?biblionumber=54756
_yKatalog online BPK